000
00322nam a2200133Ia 4500
008
100328s9999 xx 000 0 und d
082
_b
51820
100
_a
भावे पु.भा.
245
_a
झुंबर
260
_b
वसंत
630
_a
झुंबर
730
_a
झुंबर
942
_c
BOOK
999
_c
538730
_d
538727